<?xml version="1.0" encoding="UTF-8"?>
<record
    xmlns:xsi="http://www.w3.org/2001/XMLSchema-instance"
    xsi:schemaLocation="http://www.loc.gov/MARC21/slim http://www.loc.gov/standards/marcxml/schema/MARC21slim.xsd"
    xmlns="http://www.loc.gov/MARC21/slim">

  <leader>01849nam a2200541 a 4500</leader>
  <datafield tag="999" ind1=" " ind2=" ">
    <subfield code="c">23919</subfield>
    <subfield code="d">23919</subfield>
  </datafield>
  <controlfield tag="001">vtls011735022</controlfield>
  <controlfield tag="005">20250922112702.0</controlfield>
  <controlfield tag="008">200104s2017    xo ho  g b n  001 0bslo  </controlfield>
  <datafield tag="020" ind1=" " ind2=" ">
    <subfield code="a">9788081282058</subfield>
    <subfield code="q">(viaz.)</subfield>
  </datafield>
  <datafield tag="035" ind1=" " ind2=" ">
    <subfield code="a">urn:nbn:sk:snk-am00d0qj</subfield>
  </datafield>
  <datafield tag="035" ind1=" " ind2=" ">
    <subfield code="a">urn:nbn:sk:snk-am3hhqd</subfield>
  </datafield>
  <datafield tag="035" ind1=" " ind2=" ">
    <subfield code="a">525052AD-8E4A-4A30-865D-68F46F1B0454</subfield>
  </datafield>
  <datafield tag="040" ind1=" " ind2=" ">
    <subfield code="a">SNK</subfield>
    <subfield code="b">slo</subfield>
    <subfield code="c">SNK</subfield>
    <subfield code="e">AACR2</subfield>
  </datafield>
  <datafield tag="041" ind1="0" ind2=" ">
    <subfield code="a">slo</subfield>
  </datafield>
  <datafield tag="044" ind1=" " ind2=" ">
    <subfield code="a">xo</subfield>
    <subfield code="c">SK</subfield>
  </datafield>
  <datafield tag="072" ind1=" " ind2="7">
    <subfield code="a">821.162.4.09</subfield>
    <subfield code="x">Slovensk&#xE1; literat&#xFA;ra (o nej)</subfield>
    <subfield code="2">konspekt</subfield>
  </datafield>
  <datafield tag="072" ind1=" " ind2="7">
    <subfield code="a">01</subfield>
    <subfield code="x">Bibliografia. Katal&#xF3;gy</subfield>
    <subfield code="2">konspekt</subfield>
  </datafield>
  <datafield tag="072" ind1=" " ind2="7">
    <subfield code="a">929</subfield>
    <subfield code="x">Biografie</subfield>
    <subfield code="2">konspekt</subfield>
  </datafield>
  <datafield tag="080" ind1=" " ind2=" ">
    <subfield code="a">821.162.4-051</subfield>
    <subfield code="2">2011</subfield>
  </datafield>
  <datafield tag="080" ind1=" " ind2=" ">
    <subfield code="a">82.0-051</subfield>
    <subfield code="2">2011</subfield>
  </datafield>
  <datafield tag="080" ind1=" " ind2=" ">
    <subfield code="a">070.4-051</subfield>
    <subfield code="2">2011</subfield>
  </datafield>
  <datafield tag="080" ind1=" " ind2=" ">
    <subfield code="a">(437.6)</subfield>
    <subfield code="2">2011</subfield>
  </datafield>
  <datafield tag="080" ind1=" " ind2=" ">
    <subfield code="a">012</subfield>
    <subfield code="2">2011</subfield>
  </datafield>
  <datafield tag="080" ind1=" " ind2=" ">
    <subfield code="a">(092)</subfield>
    <subfield code="2">2011</subfield>
  </datafield>
  <datafield tag="245" ind1="0" ind2="0">
    <subfield code="a">Ke&#x10F; bl&#xED;zko bolo e&#x161;te ve&#x13E;mi &#x10F;aleko-</subfield>
    <subfield code="b">Svetoz&#xE1;r Hurban Vajansk&#xFD; 1847-1916</subfield>
    <subfield code="c">zostavil Peter Cabadaj</subfield>
  </datafield>
  <datafield tag="246" ind1="3" ind2="0">
    <subfield code="a">Svetoz&#xE1;r Hurban Vajansk&#xFD; 1847-1916</subfield>
  </datafield>
  <datafield tag="260" ind1=" " ind2=" ">
    <subfield code="a">Martin</subfield>
    <subfield code="b">Matica slovensk&#xE1;</subfield>
    <subfield code="c">2017</subfield>
  </datafield>
  <datafield tag="300" ind1=" " ind2=" ">
    <subfield code="a">171 s.</subfield>
    <subfield code="b">faks., fotogr.</subfield>
    <subfield code="c">22 cm</subfield>
  </datafield>
  <datafield tag="600" ind1="1" ind2="7">
    <subfield code="a">Vajansk&#xFD;, Svetoz&#xE1;r Hurban,</subfield>
    <subfield code="d">1847-1916</subfield>
    <subfield code="2">SNKMA</subfield>
    <subfield code="9">4789</subfield>
  </datafield>
  <datafield tag="648" ind1=" " ind2="7">
    <subfield code="a">19.-20. stor.</subfield>
    <subfield code="2">SNKPH</subfield>
    <subfield code="9">4790</subfield>
  </datafield>
  <datafield tag="648" ind1=" " ind2="7">
    <subfield code="a">19th-20st centuries</subfield>
    <subfield code="2">SNKPHeng</subfield>
    <subfield code="9">4791</subfield>
  </datafield>
  <datafield tag="650" ind1="0" ind2="7">
    <subfield code="a">slovensk&#xED; spisovatelia</subfield>
    <subfield code="2">SNKPH</subfield>
    <subfield code="9">2256</subfield>
  </datafield>
  <datafield tag="650" ind1="0" ind2="7">
    <subfield code="a">liter&#xE1;rni vedci</subfield>
    <subfield code="2">SNKPH</subfield>
    <subfield code="9">4792</subfield>
  </datafield>
  <datafield tag="650" ind1="0" ind2="7">
    <subfield code="a">publicisti</subfield>
    <subfield code="2">SNKPH</subfield>
    <subfield code="9">4793</subfield>
  </datafield>
  <datafield tag="650" ind1="0" ind2="7">
    <subfield code="a">Slovak authors</subfield>
    <subfield code="2">SNKPHeng</subfield>
    <subfield code="9">2258</subfield>
  </datafield>
  <datafield tag="650" ind1="0" ind2="7">
    <subfield code="a">Literary scientists</subfield>
    <subfield code="2">SNKPHeng</subfield>
    <subfield code="9">4794</subfield>
  </datafield>
  <datafield tag="650" ind1="0" ind2="7">
    <subfield code="a">Publicists</subfield>
    <subfield code="2">SNKPHeng</subfield>
    <subfield code="9">4795</subfield>
  </datafield>
  <datafield tag="651" ind1=" " ind2="7">
    <subfield code="a">Slovensko</subfield>
    <subfield code="2">SNKPH</subfield>
    <subfield code="9">1613</subfield>
  </datafield>
  <datafield tag="651" ind1=" " ind2="7">
    <subfield code="a">Slovakia</subfield>
    <subfield code="2">SNKPHeng</subfield>
    <subfield code="9">1614</subfield>
  </datafield>
  <datafield tag="655" ind1=" " ind2="7">
    <subfield code="a">person&#xE1;lne bibliografie</subfield>
    <subfield code="2">SNKPH</subfield>
    <subfield code="9">3157</subfield>
  </datafield>
  <datafield tag="655" ind1=" " ind2="7">
    <subfield code="a">Personal bibliography</subfield>
    <subfield code="2">SNKPHeng</subfield>
    <subfield code="9">3158</subfield>
  </datafield>
  <datafield tag="655" ind1=" " ind2="7">
    <subfield code="a">biografie</subfield>
    <subfield code="2">SNKPH</subfield>
    <subfield code="9">1756</subfield>
  </datafield>
  <datafield tag="655" ind1=" " ind2="7">
    <subfield code="a">Biography</subfield>
    <subfield code="2">SNKPHeng</subfield>
    <subfield code="9">1759</subfield>
  </datafield>
  <datafield tag="700" ind1="1" ind2=" ">
    <subfield code="a">Cabadaj, Peter,</subfield>
    <subfield code="d">1966-</subfield>
    <subfield code="4">com</subfield>
    <subfield code="9">4796</subfield>
  </datafield>
  <datafield tag="958" ind1=" " ind2=" ">
    <subfield code="a">NB</subfield>
  </datafield>
  <datafield tag="958" ind1=" " ind2=" ">
    <subfield code="a">BX</subfield>
  </datafield>
  <datafield tag="958" ind1=" " ind2=" ">
    <subfield code="a">PB</subfield>
  </datafield>
  <datafield tag="952" ind1=" " ind2=" ">
    <subfield code="0">0</subfield>
    <subfield code="1">0</subfield>
    <subfield code="2">udc</subfield>
    <subfield code="4">0</subfield>
    <subfield code="7">0</subfield>
    <subfield code="8">D</subfield>
    <subfield code="a">10000</subfield>
    <subfield code="b">10000</subfield>
    <subfield code="d">2025-09-22</subfield>
    <subfield code="i">22275</subfield>
    <subfield code="o">S1573</subfield>
    <subfield code="p">S1573</subfield>
    <subfield code="r">2025-09-22</subfield>
    <subfield code="w">2025-09-22</subfield>
    <subfield code="y">OLDO</subfield>
  </datafield>
</record>
